000 00364nam a2200157Ia 4500
008 230524s9999 xx 000 0 und d
082 _a621.389
_bSIN
100 _aNaresh K.Sinha
245 0 _aControl Systems
250 _a3RD
260 _aNEW DELHI
_bNAI
_c2004
300 _aVIII;483
500 _aQuantity Number: 2
650 _aElectrical
942 _cBK
999 _c36088
_d36088